प्रसाद साहित्य कोष / (Record no. 111251)

MARC details
000 -LEADER
fixed length control field 01054nam a22002657a 4500
005 - DATE AND TIME OF LATEST TRANSACTION
control field 20170124102921.0
010 ## - LIBRARY OF CONGRESS CONTROL NUMBER
LC control number 122187
020 ## - INTERNATIONAL STANDARD BOOK NUMBER
Terms of availability 1.00
035 ## - SYSTEM CONTROL NUMBER
System control number 122187
037 ## - SOURCE OF ACQUISITION
Source of stock number/acquisition Cen Lib/Ret
040 ## - CATALOGING SOURCE
Original cataloging agency DPL
Language of cataloging HN
082 ## - DEWEY DECIMAL CLASSIFICATION NUMBER
Edition number 821.03
100 ## - MAIN ENTRY--PERSONAL NAME
Personal name बाहरी, हरदेव
9 (RLIN) 104317
245 ## - TITLE STATEMENT
Title प्रसाद साहित्य कोष /
Statement of responsibility, etc हरदेव बाहरी
246 ## - VARYING FORM OF TITLE
Title proper/short title Prasad sahitya kosh
Remainder of title by Hardev Bahri
260 ## - PUBLICATION, DISTRIBUTION, ETC. (IMPRINT)
Place of publication, distribution, etc अलाहबाद
Name of publisher, distributor, etc लीडर प्रेस
Date of publication, distribution, etc 2014
270 ## - ADDRESS
Address भारती भण्डार, लीडर प्रेस
City उत्तर प्रदेश
300 ## - PHYSICAL DESCRIPTION
Extent 475पृ. :
Dimensions 20सेमी(सजिल्द)
500 ## - GENERAL NOTE
General note अनुक्रमणिका शामिल
650 ## - SUBJECT ADDED ENTRY--TOPICAL TERM
Topical term or geographic name as entry element हिंदी साहित्य
9 (RLIN) 104318
650 ## - SUBJECT ADDED ENTRY--TOPICAL TERM
Topical term or geographic name as entry element प्रसाद साहित्य
9 (RLIN) 104319
650 ## - SUBJECT ADDED ENTRY--TOPICAL TERM
Topical term or geographic name as entry element Hindi literature
9 (RLIN) 104320
650 ## - SUBJECT ADDED ENTRY--TOPICAL TERM
Topical term or geographic name as entry element Prasad literature
9 (RLIN) 9508
942 ## - ADDED ENTRY ELEMENTS (KOHA)
Source of classification or shelving scheme Dewey Decimal Classification
Koha item type Hindi Books
Classification part 821.03
Call number suffix बाहरी
Holdings
Withdrawn status Lost status Damaged status Not for loan Collection code Home library Current library Date acquired Source of acquisition Cost, normal purchase price Total Checkouts Full call number Barcode Date last seen Copy number Cost, replacement price Price effective from Koha item type Public note
Written off     Not For Loan Reference Central Library Central Library 23/05/2015 Cen Lib/Ret 1.00   821.3 बाहरी 122187 23/05/2015 1 1.00 15/09/2016 Hindi Books Written off on approval by DLB (By Circulation); dtd 15-06-2023

© Delhi Public Library
Hit Counter
free hit counter